[Event "Main Vogelsberg op 10th"]
[Site "Hanau"]
[Date "2015.05.25"]
[Round "7"]
[White "Fresser, Falco"]
[Black "Enders, Georg"]
[Result "1-0"]
[WhiteElo "1623"]
[BlackElo "1612"]
[PlyCount "67"]
[EventDate "2015.05.22"]
[EventType "swiss"]
[EventRounds "7"]
[EventCountry "GER"]
[SourceTitle "EXT 2016"]
[Source "ChessBase"]
[SourceDate "2015.10.08"]
[SourceVersion "1"]
[SourceVersionDate "2015.10.08"]
[SourceQuality "1"]

1. Nc3 d5 2. e4 dxe4 3. Nxe4 e6 4. Nf3 Be7 5. d4 Nf6 6. Nxf6+ Bxf6 7. c3 b6 8. Bb5+ c6 9. Bd3 Bb7 10. h4 h6 11. Bf4 Be7 12. Ne5 Bf6 13. Qh5 Bxe5 14. Bxe5 Qd5 15. f3 Nd7 16. 0-0-0 Nxe5 17. dxe5 Qxa2 18. Bb1 Qa4 19. Rd4 Qa1 20. Rhd1 0-0 21. Rg4 Rad8 22. Rxd8 Rxd8 23. Qxh6 Rd1+ 24. Kxd1 Qxb1+ 25. Qc1 Qf5 26. Qg5 Qd3+ 27. Kc1 Qf1+ 28. Kc2 Qe2+ 29. Kb3 g6 30. Rd4 Kh7 31. Qe7 Qb5+ 32. Kc2 Qe2+ 33. Rd2 Qxe5 34. Qxf7+ 1-0

[Event "Karl Mala Memorial op-A 17th"]
[Site "Frankfurt"]
[Date "2014.08.03"]
[Round "7"]
[White "Fresser, Falco"]
[Black "Schimmer, Michael"]
[Result "1/2-1/2"]
[WhiteElo "1586"]
[BlackElo "1812"]
[PlyCount "119"]
[EventDate "2014.07.31"]
[EventType "swiss"]
[EventRounds "7"]
[EventCountry "GER"]
[SourceTitle "EXT 2015"]
[Source "ChessBase"]
[SourceDate "2014.11.20"]
[SourceVersion "1"]
[SourceVersionDate "2014.11.20"]
[SourceQuality "1"]

1. e4 d6 2. d4 Nf6 3. Bd3 e5 4. c3 g6 5. Bc2 exd4 6. cxd4 Bg7 7. Nc3 0-0 8. Nge2 Re8 9. 0-0 Na6 10. a3 b5 11. f3 c6 12. Be3 Nc7 13. Bf2 a6 14. b4 Be6 15. Bb3 Bxb3 16. Qxb3 Ne6 17. Rac1 Rc8 18. d5 cxd5 19. Nxd5 Nxd5 20. Qxd5 Nc7 21. Qb3 Qd7 22. Rfd1 d5 23. Nf4 d4 24. Qd3 Red8 25. Rc5 Ne6 26. Nxe6 fxe6 27. Rdc1 e5 28. Qc2 Rxc5 29. Qxc5 Bh6 30. Rd1 Qd6 31. Qxd6 Rxd6 32. Bg3 Re6 33. Kf2 Kf7 34. Ra1 Be3+ 35. Ke2 Kf6 36. Bf2 Bxf2 37. Kxf2 Rc6 38. Ra2 Rc3 39. g3 h5 40. h4 g5 41. Ke2 g4 42. fxg4 hxg4 43. Kf2 Rf3+ 44. Kg2 Re3 45. a4 Rxe4 46. axb5 axb5 47. Ra6+ Kg7 48. Rb6 d3 49. Rd6 Rxb4 50. Rxd3 Rd4 51. Rb3 b4 52. Kf2 Kh6 53. Ke3 Kh5 54. Rd3 Rc4 55. Rd5 Rc3+ 56. Kf2 Rf3+ 57. Kg2 Re3 58. Kf2 Re4 59. Rd6 Rc4 60. Rd5 1/2-1/2

[Event "Karl Mala Memorial op-A 17th"]
[Site "Frankfurt"]
[Date "2014.08.01"]
[Round "2"]
[White "Faulstich, Kurt"]
[Black "Fresser, Falco"]
[Result "0-1"]
[WhiteElo "1830"]
[BlackElo "1586"]
[PlyCount "88"]
[EventDate "2014.07.31"]
[EventType "swiss"]
[EventRounds "7"]
[EventCountry "GER"]
[SourceTitle "EXT 2015"]
[Source "ChessBase"]
[SourceDate "2014.11.20"]
[SourceVersion "1"]
[SourceVersionDate "2014.11.20"]
[SourceQuality "1"]

1. d4 Nf6 2. c4 d5 3. e3 c6 4. Nc3 Bf5 5. Nf3 e6 6. a3 Bd6 7. Be2 Nbd7 8. Nh4 Bg6 9. Nxg6 hxg6 10. g3 dxc4 11. Bxc4 Nb6 12. Be2 Qc7 13. 0-0 Nh5 14. Ne4 f5 15. Nxd6+ Qxd6 16. f4 Nf6 17. Bf3 Rh3 18. Rf2 Rd8 19. b4 Nfd5 20. Qd3 Kf7 21. Bb2 Rdh8 22. Rc1 Qe7 23. Rcc2 g5 24. Bc1 g4 25. Bd1 Nf6 26. Rg2 Qd6 27. Rce2 Ne4 28. Bb3 g5 29. Bb2 Nd5 30. b5 Rc8 31. Rc2 gxf4 32. exf4 Nxf4 33. Qe3 Nxg2 34. Rxg2 cxb5 35. d5 e5 36. Kf1 Qc5 37. Qd3 Kf6 38. Rc2 Qb6 39. Qe2 Rxc2 40. Qxc2 Qe3 41. Bxe5+ Kxe5 42. Qc7+ Kd4 43. Qg7+ Kd3 44. Qb2 Nd2+ 0-1

[Event "Hessen-ch Gr-F 65th"]
[Site "Gladenbach"]
[Date "2011.04.22"]
[Round "2"]
[White "Andres, Leon"]
[Black "Fresser, Falco"]
[Result "0-1"]
[WhiteElo "796"]
[BlackElo "774"]
[PlyCount "102"]
[EventDate "2011.04.22"]
[EventType "swiss"]
[EventRounds "5"]
[EventCountry "GER"]
[SourceTitle "CBM 142 Extra"]
[Source "ChessBase"]
[SourceDate "2011.06.27"]
[SourceVersion "1"]
[SourceVersionDate "2011.06.27"]
[SourceQuality "1"]

1. e4 d5 2. exd5 Nf6 3. Bc4 Nxd5 4. Bxd5 Qxd5 5. Nc3 Qxg2 6. Qf3 Qxf3 7. Nxf3 b6 8. Nd5 Kd7 9. Ne5+ Ke6 10. Nxc7+ Kxe5 11. Nxa8 Bb7 12. 0-0 Bxa8 13. Re1+ Kd6 14. Re3 g5 15. Rd3+ Kc7 16. b3 Bg7 17. c3 Na6 18. Ba3 e6 19. Bd6+ Kc8 20. Rb1 Rd8 21. b4 Be4 22. Rg3 Bxb1 23. Rxg5 Rxd6 24. Rxg7 Bg6 25. Rg8+ Rd8 26. Rxd8+ Kxd8 27. a4 Bc2 28. a5 bxa5 29. bxa5 Kc7 30. Kg2 Kc6 31. Kf3 Kb5 32. Kg4 Kxa5 33. d4 Kb5 34. Kf4 Kc4 35. Ke5 Kxc3 36. d5 exd5 37. Kxd5 Nb4+ 38. Kc5 a5 39. f4 a4 40. f5 Bxf5 41. Kd6 a3 42. Ke7 Bg6 43. Kd6 a2 44. Ke5 h5 45. h4 a1Q 46. Kd6 f5 47. Ke6 Kd3 48. Kd6 Qf6+ 49. Kc5 Qd4+ 50. Kb5 Be8+ 51. Ka5 Qc5# 0-1